000 01328pam a2200337 a 4500
001 howtoputloveback00ocon
003 CaSfIA
005 20210118101451.0
007 cr||||
008 880513s1989 nyu 00010 eng
010 _a 88018044
020 _a0385240635 :
_c$15.95
035 _a(DLC) 88018044
040 _aBIBLIOS
_dCaSfIA
050 0 _aHQ21
_b.O27 1989
082 0 _a613.9/6
_219
100 1 0 _aO'Connor, Dagmar.
245 1 0 _aHow to put the love back into making love /
_h[electronic resource]
_cDagmar O'Connor.
250 _a1st ed.
260 0 _aNew York :
_bDoubleday,
_c1989.
300 _axv, 222 p. ;
_c22 cm.
650 0 _aSex.
650 0 _aSex in marriage.
650 0 _aLove.
650 0 _aIntimacy (Psychology)
856 4 1 _uhttp://www.archive.org/details/howtoputloveback00ocon
_zFree eBook from the Internet Archive
856 4 2 _uhttp://www.openlibrary.org/books/OL2041382M
_zAdditional information and access via Open Library
942 _cEB
506 _fНеобхідна авторизація на https://archive.org/ (створення облікового запису безкоштовно)
506 _fНеобхідна авторизація на https://openlibrary.org/ (створення облікового запису безкоштовно)
999 _c508999
_d508999